• 首页
  • 本馆介绍
  • 公告通知
  • 最新文献
  • 馆藏检索
  • 电子资源
  • 读者导购
  • 参考咨询
  • 我的图书馆
  • 登录
  • 详细信息显示
  • 放入我的书架
  • 预约/预借图书
  • 作者相关作品
  • 分类相关作品
  • 丛书相关作品
  • 出版社相关作品

书目信息

  • 表格格式
  • 工作单格式
  • 卡片格式
题名:
水危机
    
 
作者: 朱莉.斯托弗 著 ;张康生 , 韩建国 译
分册:  
出版信息: 北京   科学出版社  2000.03
页数: 149页
开本: 20cm
丛书名:
单 册:
中图分类: X52
科图分类:
主题词: 水污染 , 水污染--污染防治
电子资源:
ISBN: 7-03-008010-6
000 00863nam0 2200241 45
001 0104041556
005 20031219104049.3
010    @a7-03-008010-6@dCNY15.00
100    @a20010404d2000 km y0chiy0120 ea
101 0  @achi
105    @a z 000yy
200 1  @a水危机@AShui Wei Ji@e寻找解决淡水污染的方案@EXun Zhao Jie Jue Dan Shui Wu Ran De Fang An@f(英)朱莉.斯托弗(Julie Stauffer)著@F(Ying)Zhu Li.Si Tuo Fu(Julie Stauffer)Zhu@g张康生,韩建国译
210    @a北京@c科学出版社@d2000.03
215    @a149页@d20cm
517    @a寻找解决淡水污染的方案@AXun Zhao Jie Jue Dan Shui Wu Ran De Fang An
606 0  @a水污染
606 0  @a水污染@x污染防治
690    @aX52@v1
701  0 @a朱莉.斯托弗@bJulie Stauffer@4著
702  0 @a张康生@AZhang Kang Sheng@4译
702  0 @a韩建国@AHan Jian Guo@4译
801    @aCN@bTSTC@c20010404
905    @b296193-205@dX52@e13@f13
    
    水危机:寻找解决淡水污染的方案/(英)朱莉.斯托弗(Julie Stauffer)著/张康生,韩建国译.-北京:科学出版社,2000.03
    149页;20cm
    
    
    ISBN 7-03-008010-6:CNY15.00
    
●
相关链接 在E读中查询图书 在五车中查询图书 在当当中查询图书 在豆瓣中查询图书


正题名:水危机     索取号:X52/13         预约/预借

序号 登录号 条形码 馆藏地/架位号 状态 备注
1 0296193   002961931   第三借阅区/ [索取号:X52/13] 在馆    
2 0296194   002961940   第三借阅区/ [索取号:X52/13] 在馆    
3 0296195   002961959   第三借阅区/ [索取号:X52/13] 在馆    
4 0296196   002961968   第三借阅区/ [索取号:X52/13] 在馆    
5 0296197   002961977   第三借阅区/ [索取号:X52/13] 在馆    
6 0296198   002961986   第三借阅区/ [索取号:X52/13] 在馆    
7 0296199   002961995   第三借阅区/ [索取号:X52/13] 在馆    
8 0296200   002962002   第三借阅区/ [索取号:X52/13] 在馆    
9 0296201   002962011   第三借阅区/ [索取号:X52/13] 在馆    
10 0296202   002962020   第三借阅区/ [索取号:X52/13] 在馆    
11 0296203   002962039   第三借阅区/ [索取号:X52/13] 在馆    
12 0296204   002962048   第三借阅区/ [索取号:X52/13] 在馆    
13 0296205   002962057   第二样本阅览室/ [索取号:X52/13] 在馆    
唐山师范学院图书馆 欢迎您!
大连网信软件有限公司© 版权所有